000 00263nam a22001217a 4500
008 181101b xxu||||| |||| 00| 0 eng d
041 _aeng
080 _26th
_a620
100 _a27
101 _aMEK
245 _aTransistor Manual
_cPhelps,J.H
942 _2udc
_cBK
999 _c51449
_d51449